00368pab a2200133 454500008004000000100002200040245005900062260000900121300001500130362001300145650001800158700002400176773003400200180718b1995 xxu||||| |||| 00| 0 eng d aPandey, Vikash N. aSociology of law in Indiabpost-scripts and prospects. c1995 ap.1974-977 a5-12 Aug aJurisprudence aPathak, Akhileshwar aEconomic and Political Weekly